Το άπειρο και ο νους
Αποθηκεύτηκε σε:
| Κύριος συγγραφέας: | |
|---|---|
| Μορφή: | Βιβλίο |
| Γλώσσα: | Greek English |
| Δημοσίευση: |
Ηράκλειο :
Πανεπιστημιακές Εκδόσεις Κρήτης,
2004.
|
| Σειρά: | Επιστήμη και ανθρώπινος πολιτισμός
|
| Θέματα: | |
| Ετικέτες: |
Προσθήκη ετικέτας
Δεν υπάρχουν, Καταχωρήστε ετικέτα πρώτοι!
|
MARC
| LEADER | 00000cam a2200000 i 4500 | ||
|---|---|---|---|
| 001 | 1/52126 | ||
| 008 | 070822s2004 gr | ||| |||| ||gre|| | ||
| 020 | |a 960524084X | ||
| 035 | |l 10089914 | ||
| 040 | |a GR-MyUA |b gre |e AACR2 | ||
| 041 | 1 | |a gre |h eng | |
| 082 | 7 | |a 511.3 |2 (22) | |
| 100 | 1 | |a Rucker, Rudy v. B. |q (Rudy von Bitter), |d 1946- | |
| 245 | 1 | 3 | |a Το άπειρο και ο νους / |c Rudy Rucker ; απόδοση στα ελληνικά, επιστημονική επιμέλεια: Κώστας Χατζηκυριάκου. |
| 260 | |a Ηράκλειο : |b Πανεπιστημιακές Εκδόσεις Κρήτης, |c 2004. | ||
| 300 | |a xiv, 369 σ. : |b εικ. ; |c 24 εκ. | ||
| 490 | 1 | |a (Επιστήμη και ανθρώπινος πολιτισμός) | |
| 504 | |a Βιβλιογραφία: σ. [357]-363. Ευρετήριο. | ||
| 650 | 0 | 0 | |a Logic, Symbolic and mathematical. |
| 650 | 0 | 0 | |a Set theory. |
| 650 | 0 | 0 | |a Infinite. |
| 765 | 0 | 8 | |i Μετάφραση του: |t Infinity and the mind : |
| 830 | 0 | |a Επιστήμη και ανθρώπινος πολιτισμός | |
| 852 | |a INST |b LESVOS |e 20090430 |h 511.3 RUC |p 005100044944 |q 005100044944 |t BK |y 0 | ||
| 852 | |a INST |b SAMOS |e 20070911 |h 511.3 RUC |p 005300028260 |q 005300028260 |t BK |y 0 | ||
| 852 | |a INST |b SYROS |e 20070822 |h 511.3 RUC |p 005500007232 |q 005500007232 |t BK |y 0 | ||
| 901 | |a BIBL3-2007-3 | ||
| 901 | |a BIBL5-2007-2 | ||
| 901 | |a BIBL1-2009-1 | ||
| 909 | |a Σ |b 138712 | ||
| 909 | |a Ε |b 138392 | ||
| 909 | |a Λ |b 158736 | ||
| 922 | |a 3ΕΛΗ |b 200708 |c ΕΠΕΑΕΚ2/ΤΜΗΜΑ ΜΑΘΗΜΑΤΙΚΩΝ |d ΠΑΤΑΚΗΣ | ||
| 922 | |a 5ΕΛΗ |b 200708 |c ΕΠΕΑΕΚ2/ΤΜΣΠΣ |d Σ. ΠΑΤΑΚΗΣ | ||
| 970 | |a ΚΟΝΤΟΥ |b ΠΑΡΑΣΚΕΥΗ |z 2007/08/22 | ||